[Event "Niedersachsen-ch U16/18 Girls"]
[Site "Norderney"]
[Date "2014.04.14"]
[Round "5"]
[White "Rudolph, Elisa"]
[Black "Giesemann, Sarah"]
[Result "1-0"]
[WhiteElo "1139"]
[BlackElo "860"]
[PlyCount "65"]
[EventDate "2014.04.??"]
[EventType "tourn"]
[EventRounds "9"]
[EventCountry "GER"]
[SourceTitle "EXT 2017"]
[Source "ChessBase"]
[SourceDate "2016.10.25"]
[SourceVersion "1"]
[SourceVersionDate "2016.10.25"]
[SourceQuality "1"]

1. e4 e5 2. Nf3 Nc6 3. Bc4 Bc5 4. c3 d6 5. d4 exd4 6. cxd4 Bb6 7. Ng5 Nh6 8. Be3 0-0 9. h3 Qf6 10. Nf3 Re8 11. Nc3 Ba5 12. 0-0 Bxc3 13. bxc3 Rxe4 14. Re1 Bf5 15. Bd3 Ree8 16. Ng5 Rxe3 17. Rxe3 Qxg5 18. Qe2 Kf8 19. Re1 g6 20. Rg3 Qf6 21. Qe3 Kg7 22. Rf3 Qh4 23. Rf4 Qh5 24. g4 Nxg4 25. hxg4 Bxg4 26. Qg3 f5 27. f3 Bh3 28. Rh4 f4 29. Qxh3 Qa5 30. Rxh7+ Kg8 31. Bc4+ d5 32. Qd7 dxc4 33. Qg7# 1-0

[Event "Niedersachsen-ch U18 Girls"]
[Site "Rotenburg"]
[Date "2012.04.02"]
[Round "4"]
[White "Schlichter, Lisa"]
[Black "Rudolph, Elisa"]
[Result "1-0"]
[WhiteElo "1365"]
[BlackElo "849"]
[PlyCount "107"]
[EventDate "2012.03.31"]
[EventType "swiss"]
[EventRounds "9"]
[EventCountry "GER"]
[SourceTitle "EXT 2015"]
[Source "ChessBase"]
[SourceDate "2014.11.20"]
[SourceVersion "1"]
[SourceVersionDate "2014.11.20"]
[SourceQuality "1"]

1. e4 e5 2. Nf3 Nc6 3. Nc3 Bc5 4. Nxe5 Nxe5 5. d4 Bxd4 6. Qxd4 d6 7. f4 c5 8. Qf2 Ng4 9. Qg3 N8f6 10. Bd3 0-0 11. Bd2 Qe7 12. 0-0-0 b6 13. Rhe1 Nh5 14. Qf3 Ngf6 15. g4 Bxg4 16. Qg2 Bxd1 17. Kxd1 Qd7 18. h3 a6 19. e5 dxe5 20. fxe5 g6 21. exf6 Nxf6 22. Kc1 b5 23. b3 Rab8 24. Bg5 Qd4 25. Rf1 Rb6 26. Qf2 Qxf2 27. Rxf2 b4 28. Na4 Rc6 29. Rxf6 Rxf6 30. Bxf6 Rc8 31. Be7 f5 32. Bxc5 a5 33. Bc4+ Kg7 34. a3 Rb8 35. axb4 axb4 36. h4 h6 37. c3 bxc3 38. Nxc3 g5 39. h5 f4 40. Bd4+ Kf8 41. Nd5 g4 42. Nxf4 Ra8 43. Kb2 Ke7 44. Ng6+ Kd6 45. Ne5 Rf8 46. Nxg4 Rf5 47. Nxh6 Rxh5 48. Nf7+ Ke7 49. b4 Rh2+ 50. Kb3 Rh3+ 51. Ka4 Rh4 52. Bc5+ Ke8 53. Bb3 Rh3 54. b5 1-0

[Event "Niedersachsen-ch Girls"]
[Site "Rotenburg"]
[Date "2009.04.05"]
[Round "2"]
[White "Rudolph, Elisa"]
[Black "Delekat, Valerie"]
[Result "1-0"]
[WhiteElo "788"]
[BlackElo "741"]
[PlyCount "77"]
[EventDate "2009.04.04"]
[EventType "swiss"]
[EventRounds "9"]
[EventCountry "GER"]
[SourceTitle "EXT 2010"]
[Source "ChessBase"]
[SourceDate "2010.11.25"]
[SourceVersion "1"]
[SourceVersionDate "2010.11.25"]
[SourceQuality "1"]

1. e4 e5 2. Nf3 Nc6 3. Bc4 Nf6 4. 0-0 Bc5 5. Nc3 d6 6. d3 0-0 7. Bg5 b6 8. Nd5 Bb7 9. Bxf6 gxf6 10. c3 a6 11. d4 b5 12. Bb3 Ba7 13. dxe5 fxe5 14. Qd2 Na5 15. Qh6 Nxb3 16. axb3 f5 17. Ng5 Qd7 18. Nf6+ Rxf6 19. Qxf6 h6 20. Qxh6 d5 21. exf5 d4 22. cxd4 Rd8 23. dxe5 Qd5 24. Qh7+ Kf8 25. Nf3 Rd7 26. Qh6+ Rg7 27. f6 Qg8 28. fxg7+ Qxg7 29. Qf4+ Kg8 30. Rad1 Bxf3 31. Qxf3 Qxe5 32. Rd7 Qe8 33. Rxc7 Bb8 34. Rb7 Be5 35. Qg4+ Kh8 36. Qh4+ Kg8 37. Qh7+ Kf8 38. Re1 Qc8 39. Qf7# 1-0